MARC details
| 000 -CABECERA |
| campo de control de longitud fija |
01666nam a2200349 4500 |
| 003 - IDENTIFICADOR DEL NÚMERO DE CONTROL |
| campo de control |
EC-UNACH |
| 005 - FECHA Y HORA DE LA ÚLTIMA TRANSACCIÓN |
| campo de control |
20260313154115.0 |
| 006 - CÓDIGOS DE INFORMACIÓN DE LONGITUD FIJA--CARACTERÍSTICAS DEL MATERIAL ADICIONAL |
| campo de control de longitud fija |
s||||gr|||| 00| 00 |
| 008 - DATOS DE LONGITUD FIJA--INFORMACIÓN GENERAL |
| campo de control de longitud fija |
150116t9999 mx r gr 000 0 spa d |
| 020 ## - NÚMERO INTERNACIONAL ESTÁNDAR DEL LIBRO |
| Número Internacional Estándar del Libro |
84-7897-619-1 |
| 040 ## - FUENTE DE LA CATALOGACIÓN |
| Centro catalogador/agencia de origen |
EC-UNACH |
| Centro/agencia transcriptor |
EC-UNACH |
| 041 ## - CÓDIGO DE LENGUA |
| Código de lengua del texto/banda sonora o título independiente |
EspañolQuinta |
| 082 04 - NÚMERO DE LA CLASIFICACIÓN DECIMAL DEWEY |
| Número de edición |
23 |
| Número de clasificación |
005.1 |
| Número de documento/Ítem |
L018589 |
| 100 ## - ENTRADA PRINCIPAL--NOMBRE DE PERSONA |
| Nombre de persona |
Iranzo Pascual J. |
| 245 ## - MENCIÓN DE TÍTULO |
| Título |
Lógica Simbólica para Informáticos |
| 250 ## - MENCIÓN DE EDICIÓN |
| Mención de edición |
Primera Edición |
| Resto de la mención de edición |
Quinta Reimpresión |
| 264 ## - Producción, publicación, distribución, fabricación y copyright |
| Lugar de producción, publicación, distribución, fabricación |
Madrid - España |
| Nombre del de productor, editor, distribuidor, fabricante |
ALFAOMEGA Grupo Editor S.A. de C.V. |
| Fecha de de producción, publicación, distribución, fabricación o copyright |
2005 |
| 300 ## - DESCRIPCIÓN FÍSICA |
| Extensión |
299 páginas |
| Otras características físicas |
Tablas, figuras, |
| Dimensiones |
22.5 x 17 centímetros |
| 501 ## - NOTA DE "CON" |
| Nota de “Con” |
Incluye Dedicatoria, Índice general, Índice de figuras, Índice de tablas, Prólogo, Apéndice A Fundamentos Matemáticos, Apéndice B Notaciones para los Operadores Lógicos, Apéndice C Reglas de Inferencia |
| 505 ## - NOTA DE CONTENIDO CON FORMATO |
| Nota de contenido con formato |
Prólogo, Introducción a la Lógica -- I. Lógica de Proposiciones -- 2. Semántica -- 3. Cálculo Axiomático y propiedades formales -- 4. Cálculo de Deducción Natural -- II. Lógica de Predicados -- 5. Semántica -- 6. Cálculo Axiomático y Propiedades Formales -- 7. Cálculo de Deducción Natural -- III. Extensiones y Otras Lógicas -- 8. Extensiones de la lógica de predicados -- 9. Otras Lógicas |
| 650 ## - PUNTO DE ACCESO ADICIONAL DE MATERIA--TÉRMINO DE MATERIA |
| Término de materia o nombre geográfico como elemento inicial |
LÓGICA SIMBÓLICA |
| 650 ## - PUNTO DE ACCESO ADICIONAL DE MATERIA--TÉRMINO DE MATERIA |
| Término de materia o nombre geográfico como elemento inicial |
VALORACIÓN Y EQUIVALENCIA LÓGICA |
| 650 ## - PUNTO DE ACCESO ADICIONAL DE MATERIA--TÉRMINO DE MATERIA |
| Término de materia o nombre geográfico como elemento inicial |
SISTEMA DE DEDUCCIÓN NATURAL |
| 650 ## - PUNTO DE ACCESO ADICIONAL DE MATERIA--TÉRMINO DE MATERIA |
| Término de materia o nombre geográfico como elemento inicial |
LÓGICA TEMPORAL |
| 700 ## - PUNTO DE ACCESO ADICIONAL--NOMBRE DE PERSONA |
| Nombre de persona |
Pascual , Iranzo |
| Término indicativo de función/relación |
Autor |
| 942 ## - ELEMENTOS DE PUNTO DE ACCESO ADICIONAL (KOHA) |
| Fuente del sistema de clasificación o colocación |
Clasificación Decimal Dewey |
| Tipo de ítem Koha |
Libros |
| 999 ## - NÚMEROS DE CONTROL DE SISTEMA (KOHA) |
| Koha biblionumber |
14388 |